A manual of surveying for India (Record no. 87073)

MARC details
000 -LEADER
fixed length control field 00555cam a2200205 4500
001 - CONTROL NUMBER
control field D14056
008 - FIXED-LENGTH DATA ELEMENTS--GENERAL INFORMATION
fixed length control field 090401t1875 xxu||||| |||| 00| 0 eng d
035 ## - SYSTEM CONTROL NUMBER
System control number (Sirsi) u13233
041 ## - LANGUAGE CODE
Language code of text/sound track or separate title eng
100 ## - MAIN ENTRY--PERSONAL NAME
Personal name Thuillier, H.L.
245 #2 - TITLE STATEMENT
Title A manual of surveying for India
250 ## - EDITION STATEMENT
Edition statement 3rd
260 ## - PUBLICATION, DISTRIBUTION, ETC.
Place of publication, distribution, etc. Calcutta
Name of publisher, distributor, etc. Thacker Spink & Co
Date of publication, distribution, etc. 1875
300 ## - PHYSICAL DESCRIPTION
Extent xxi,623,ccviiip. : ill. ; 24cm.
350 ## - PRICE (NR) (BK AM CF MU VM SE) [OBSOLETE]
Price 0
520 ## - SUMMARY, ETC.
Summary, etc. Two copies. Shelves 303 & 136. Also catalogued in Historical Collection.
700 ## - ADDED ENTRY--PERSONAL NAME
Personal name Smyth, R.
942 ## - ADDED ENTRY ELEMENTS (KOHA)
Suppress in OPAC 0
948 ## - LOCAL PROCESSING INFORMATION (OCLC); SERIES PART DESIGNATOR (RLIN)
c (OCLC) 04/03/1997
Holdings
Withdrawn status Lost status Source of classification or shelving scheme Damaged status Not for loan Home library Current library Shelving location Date acquired Total Checkouts Full call number Barcode Date last seen Copy number Price effective from Koha item type
    Dewey Decimal Classification     London London Basement 14/08/1991   SHELF 303 30008769 06/08/2019 1 06/08/2019 Book